Persidangan Pengarah-pengarah Penilaian no.1, 19.. - 19..
| Format: | Book |
|---|---|
| Published: |
Kuala Lumpur :
Bahagian Penilaian, Perbendaharaan Malaysia ,
19..
|
| Subjects: |
MARC
| LEADER | 00000cam a2200000 7i4500 | ||
|---|---|---|---|
| 001 | 0000004024 | ||
| 005 | 20030609.0 | ||
| 040 | |a INS | ||
| 090 | 0 | 0 | |a HD1387. |b N39 1979 |
| 245 | 0 | 0 | |a Persidangan Pengarah-pengarah Penilaian no.1, 19.. - 19.. |c Bahagian Penilaian Perbendaharaan Malaysia |
| 260 | |a Kuala Lumpur : |b Bahagian Penilaian, Perbendaharaan Malaysia , |c 19.. | ||
| 500 | |a Annually | ||
| 500 | |a Based on volume 1979 | ||
| 650 | 0 | 0 | |a Finance department |z Malaysia |x congresses |
| 650 | 0 | 0 | |a Valuation |
| 999 | |a 0000001882 |b BOOK |c Open Shelf |e Default branch | ||